A katángkoró

Bibliographic Details
Format: Book
Language:Hungarian
Slovak
PhysicalDescription:7, [1] s. V. 8°
Published: Bratislava Földművelésügyi Megbiz. Hivatal v nakl. Oráč 1951
Series:Többet, jobban, olcsóbban
Subjects:

MARC

LEADER 00000cam a2200000 a 4500
001 vtls008361713
003 SK-MaSNL
005 20260301041931.0
008 251104s1951 xo 000 0 hun
015 |a SNBA19451955-005196 
035 |a SK01SNKBKSFS20010053930 
035 |a urn:nbn:sk:snk-am3ii9c 
035 |a D24F4A30-9D35-46BA-AEBE-9A628E0687E7 
035 |a urn:nbn:sk:snk-am00ek8u 
035 |a SKM000056393 
040 |a SNK  |b slo  |c SNK  |e AACR2 
041 1 |a hun  |h slo 
044 |a xo  |c SK 
072 7 |a 63  |x Poľnohospodárstvo a príbuzné oblasti vedy a techniky  |2 konspekt 
080 |a 63  |2 2011 
245 0 0 |a A katángkoró 
260 |a Bratislava  |b Földművelésügyi Megbiz. Hivatal v nakl. Oráč  |c 1951  |e Trnava  |f Západoslov. tlač. 
300 |a 7, [1] s.  |c V. 8° 
366 |e 1100 výtl. 
490 0 |a Többet, jobban, olcsóbban  |v 17. füz. 
500 |a Obálkový názov 
650 0 7 |a poľnohospodárstvo  |2 SNKPH  |9 679 
655 7 |a príručky  |2 SNKPH  |9 74364 
830 0 |a Többet, jobban, olcsóbban  |9 309052 
852 |a Slovenská národná knižnica 
954 |a odborná, vedecká literatúra pôvodná (slovenská)  |2 lita 
958 |a OND 
958 |a RK 
958 |a TL 
958 |a EUIPO 
999 |c 589739  |d 591669 
952 |a SNK  |b SNK  |y VYP  |7 0  |p 17A0699998  |o snkSD 7331/17 D1  |i snkKSF 576/58  |8 5  |0 0  |1 0  |4 0  |d 2011-05-18  |l 0  |r 2026-02-23 15:20:51  |w 2026-02-23 
952 |a SNK  |b SNK  |y PREZ  |7 0  |p 17A0910802  |o snkSD 7331/17  |i snk2742/51  |0 0  |1 0  |4 0  |d 2020-06-29  |f 1  |l 0  |r 2025-11-17 00:00:00  |w 2026-02-23